00513nam a22001217a 4500008004100000040005500041080002400096245017300120260005500293300001100348650001300359653001900372230627b |||||||| |||| 00| 0 eng d aNational Science LibrarycNational Science Library a621(082.2)(540)bJ4 aProceedings of the conference on the development of atomic energy for peaceful purposes in India: bNew Delhi, November 26-17, 1954c/ GOI, Department of Atomic energy  aDelhi: b GOI, Department of Atomic energy, c1954 a280p.  aScience  aAtomic energy